Sir Quixote of the Moors / (Record no. 187034)

000 -LEADER
fixed length control field 00683 a2200169 4500
003 - CONTROL NUMBER IDENTIFIER
control field Nust
005 - DATE AND TIME OF LATEST TRANSACTION
control field 20230128140346.0
040 ## - CATALOGING SOURCE
Transcribing agency Nust
082 ## - DEWEY DECIMAL CLASSIFICATION NUMBER
Classification number 920,BUC
100 ## - MAIN ENTRY--PERSONAL NAME
Personal name Buchan, John
9 (RLIN) 11826
245 ## - TITLE STATEMENT
Title Sir Quixote of the Moors /
Statement of responsibility, etc. John Buchan
260 ## - PUBLICATION, DISTRIBUTION, ETC.
Place of publication, distribution, etc. London
Name of publisher, distributor, etc. Fisher Unwin ltd
300 ## - PHYSICAL DESCRIPTION
Extent 178 :p
505 ## - FORMATTED CONTENTS NOTE
Formatted contents note On the High Moors (Page-15), I Fare Badly Indoors (Page-34) I Fare Badly Abroad (Page-56), Of My Coming to Lindean (Page-69), I Pledge my Word (Page-86), Idle Days (Page-111), A Daughter of Herodias (Page-127), How I Set the Signal (Page-141), I Commune with Myself (Page-161), Of My Departure (Page-176).
650 ## - SUBJECT ADDED ENTRY--TOPICAL TERM
Topical term or geographic name entry element Biography
9 (RLIN) 461
942 ## - ADDED ENTRY ELEMENTS (KOHA)
Source of classification or shelving scheme
Koha item type Book
Holdings
Withdrawn status Lost status Source of classification or shelving scheme Damaged status Not for loan Permanent Location Current Location Shelving location Date acquired Full call number Barcode Date last seen Price effective from Koha item type Public note
          Military College of Signals (MCS) Military College of Signals (MCS) General Stacks 12/12/2016 920,BUC MCS29239 12/08/2016 12/12/2016 Book Almirah No.59, Shelf No.2
© 2023 Central Library, National University of Sciences and Technology. All Rights Reserved.